00430nam a22001457a 450000500170000000800410001704000210005804100080007908200080008710000300009524501010012525000120022626000360023830000100027420220602103954.0220602b ||||| |||| 00| 0 eng d aIN-DiNCcIN-DiNC dasm a339 aGoswami Nonigopaleauthor aRastriya ai arthanaitik bikakh mudra bank byabastha aru antrjatik banijayacby Nonigopal Goswami a7th ed. aGuwahatibJyoti Prakashanc2008 a757p.